Folklore as discourse / (Record no. 38192)

MARC details
000 -LEADER
fixed length control field 00745nam a22001937a 4500
005 - DATE AND TIME OF LATEST TRANSACTION
control field 20100730104749.0
010 ## - LCCN (DPL NO)
LC control number ENG-97155
020 ## - INTERNATIONAL STANDARD BOOK NUMBER
International Standard Book Number 8190148168
Terms of availability 300.00
035 ## - SYSTEM CONTROL NUMBER
System control number EN-80688
037 ## - SOURCE OF ACQUISITION
Source of stock number/acquisition DBAD/PUB
082 ## - DEWEY DECIMAL CLASSIFICATION NUMBER
Classification number 398.0954
245 ## - TITLE STATEMENT
Title Folklore as discourse /
Statement of responsibility, etc edited by M. D. Muthukumaraswamy
260 ## - PUBLICATION, DISTRIBUTION, ETC. (IMPRINT)
Place of publication, distribution, etc Chennai
Name of publisher, distributor, etc National Folklore Support Centre
Date of publication, distribution, etc 2006
270 ## - ADDRESS
Address #508, Fifth Floor, Kaveri Complex, 96 Mahatma Gandi Road
City Chennai
Postal code 600034
300 ## - PHYSICAL DESCRIPTION
Extent x, 254p.:
Other physical details ill.
Dimensions 24cm (pbk)
700 ## - ADDED ENTRY--PERSONAL NAME
Personal name Muthukumaraswamy, M. D.
9 (RLIN) 2460
942 ## - ADDED ENTRY ELEMENTS (KOHA)
Source of classification or shelving scheme Dewey Decimal Classification
Item type English Books
Classification part 398.0954
Call number suffix FOL
Holdings
Withdrawn status Lost status Not for loan Collection code Home library Current library Date acquired Source of acquisition Cost, normal purchase price Full call number Barcode Copy number Cost, replacement price Koha item type
    Not For Loan Non-fiction D.B.Act.Division D.B.Act.Division 30/07/2010 DBAD/PUB 300.00 398.0954 FOL EN-80688 1 300.00 English Books

© Delhi Public Library
Hit Counter
free hit counter